[Event "AUS-ch U18"]
[Site "Adelaide"]
[Date "2009.01.11"]
[Round "9"]
[White "Pyper, Jake"]
[Black "Chugha, Jagnoor"]
[Result "1-0"]
[WhiteElo "486"]
[BlackElo "935"]
[PlyCount "67"]
[EventDate "2009.01.02"]
[EventType "swiss"]
[EventRounds "11"]
[EventCountry "AUS"]
[SourceTitle "CBM 128 Extra"]
[Source "ChessBase"]
[SourceDate "2009.03.05"]
[SourceVersion "2"]
[SourceVersionDate "2009.03.25"]
[SourceQuality "1"]

1. Nf3 c5 2. c4 Nc6 3. d4 d6 4. Nc3 g6 5. e3 Bg7 6. Be2 e5 7. d5 Nce7 8. e4 Nf6 9. 0-0 h5 10. Ng5 a6 11. f4 Ng4 12. fxe5 Nxe5 13. Bf4 f6 14. Ne6 Bxe6 15. dxe6 N7c6 16. Qb3 Rb8 17. Nd5 Nd4 18. Qd1 Nxe6 19. Bxe5 fxe5 20. Qa4+ Qd7 21. Qxd7+ Kxd7 22. Rf7+ Kd8 23. Nc7 Nxc7 24. Rxg7 Rh6 25. Rg8+ Ne8 26. Rf1 Kd7 27. g4 b5 28. Rf7+ Kc6 29. g5 Rh8 30. Rxh8 bxc4 31. Bxc4 Rxb2 32. Rxe8 Rb1+ 33. Bf1 Rb2 34. Rc8+ 1-0

[Event "AUS-ch U18"]
[Site "Adelaide"]
[Date "2009.01.06"]
[Round "5"]
[White "Pyper, Jake"]
[Black "Daenke, Stephen"]
[Result "0-1"]
[WhiteElo "486"]
[BlackElo "1059"]
[PlyCount "128"]
[EventDate "2009.01.02"]
[EventType "swiss"]
[EventRounds "11"]
[EventCountry "AUS"]
[SourceTitle "CBM 128 Extra"]
[Source "ChessBase"]
[SourceDate "2009.03.05"]
[SourceVersion "2"]
[SourceVersionDate "2009.03.25"]
[SourceQuality "1"]

1. Nf3 d5 2. c4 c6 3. d4 e6 4. Nc3 f5 5. Bf4 Nf6 6. e3 Be7 7. Be2 0-0 8. 0-0 Ne4 9. Nxe4 fxe4 10. Ne5 Nd7 11. Bg3 Nxe5 12. Bxe5 Bd7 13. c5 b6 14. b4 Be8 15. Rb1 b5 16. Bh5 a6 17. Bxe8 Qxe8 18. Qg4 Bf6 19. Bd6 Rf7 20. f4 a5 21. Be5 axb4 22. Qe2 Ra4 23. f5 Bxe5 24. dxe5 Rxf5 25. Rxf5 exf5 26. Qb2 Qe7 27. Qc2 Qxe5 28. Rf1 g6 29. Qf2 Ra3 30. g4 Qc3 31. gxf5 Qxe3 32. Qxe3 Rxe3 33. fxg6 hxg6 34. Rf6 Kg7 35. Rxc6 Rc3 36. Kf2 d4 37. Rd6 d3 38. Rd7+ Kf6 39. Rd6+ Kf7 40. Rd7+ Ke8 41. Rd4 Rc2+ 42. Ke3 Re2+ 43. Kf4 Rxh2 44. Rxe4+ Kd7 45. Rd4+ Kc6 46. Rxd3 Kxc5 47. a3 bxa3 48. Rxa3 Rh8 49. Rg3 Rg8 50. Rg5+ Kc4 51. Ke3 b4 52. Kd2 b3 53. Rg4+ Kd5 54. Kc3 Ke5 55. Kxb3 Kf5 56. Ra4 g5 57. Kc2 g4 58. Kd1 g3 59. Ra5+ Ke4 60. Ra4+ Kd5 61. Ra5+ Kc4 62. Ra4+ Kb5 63. Rh4 g2 64. Rh5+ Kb6 0-1

[Event "AUS-ch U18"]
[Site "Adelaide"]
[Date "2009.01.02"]
[Round "1"]
[White "Stahnke, Alexander"]
[Black "Pyper, Jake"]
[Result "1-0"]
[WhiteElo "1648"]
[BlackElo "486"]
[PlyCount "87"]
[EventDate "2009.01.02"]
[EventType "swiss"]
[EventRounds "11"]
[EventCountry "AUS"]
[SourceTitle "CBM 128 Extra"]
[Source "ChessBase"]
[SourceDate "2009.03.05"]
[SourceVersion "2"]
[SourceVersionDate "2009.03.25"]
[SourceQuality "1"]

1. d4 d5 2. c4 e6 3. Nc3 Nf6 4. e3 Nbd7 5. Bd3 dxc4 6. Bxc4 Be7 7. Nge2 b6 8. 0-0 Bb7 9. f3 0-0 10. e4 c5 11. d5 exd5 12. Bxd5 Nxd5 13. Nxd5 Bxd5 14. Qxd5 Nf6 15. Qc4 a6 16. a4 Ne8 17. Be3 Nc7 18. Rad1 Qe8 19. Qc2 Rc8 20. f4 a5 21. Rf3 Na6 22. b3 Nb4 23. Qc4 Rd8 24. Rdf1 Nd3 25. e5 Nb2 26. Qc2 Nd3 27. Rh3 h6 28. g4 Nb4 29. Qb1 Qc6 30. g5 Qd7 31. f5 Bxg5 32. Bxg5 hxg5 33. Rh5 Qd2 34. Qe4 Rd3 35. Rf3 Rxf3 36. Qxf3 Rd8 37. e6 f6 38. e7 Re8 39. Rh8+ Kf7 40. Qh5+ Kxe7 41. Qxe8+ Kd6 42. Qd8+ Kc6 43. Qc8+ Kd5 44. Qe6# 1-0